Clic France - Les AOP européennes de fruits, légumes et céréales - Statistiques

Statistiques générales
  • Ce quiz a été pris 46 fois
  • Le résultat moyen est 7 sur 20
Statistiques - réponses
Hint Extra Hint Réponse % Correct
Piment du/de/de l'/des 2002 - AOP Espelette
91%
Lentille verte du/de/de l'/des 2000 - AOP Le Puy
75%
Oignon du/de/de l'/des 2010 - AOP Roscoff
69%
Abricots rouges du/de/de l'/des
Pomme de terre Béa du/de/de l'/des
2016 - AOP
2006 - AOP
Roussillon
53%
Châtaigne du/de/de l'/des 2006 - AOP Ardèche
47%
Noix du/de/de l'/des 2003 - AOP Grenoble
41%
Pomme de terre du/de/de l'/des 2000 - AOP L'île de Ré
38%
Coco du/de/de l'/des 1999 - AOP Paimpol
38%
Raisin chasselas du/de/de l'/des 1996 - AOP Moissac
34%
Oignon doux du/de/de l'/des 2008 - AOP Cévennes
28%
Pomme du/de/de l'/des 2007 - AOP Limousin
28%
Olive noire du/de/de l'/des 2007 - AOP Nyons
28%
Noix du/de/de l'/des 2007 - AOP Périgord
28%
Farine de châtaigne du/de/de l'/des 2010 - AOP Corse
25%
Olives cassées/noires de la vallée du/de/de l'/des 1999 - AOP Baux-de-Provence
19%
Figue du/de/de l'/des 2011 - AOP Solliès
19%
Olive du/de/de l'/des 2010 - AOP Nîmes
16%
Olive du/de/de l'/des 2005 - AOP Nice
13%
Ail violet du/de/de l'/des 2017 - AOP Cadours
9%
Raisin muscat du/de/de l'/des 1999 - AOP Ventoux
9%
Aucun quiz correspondant
Distribution des résultats
% des personnes avec chaque résultat
Percentile par nombre de réponses
Votre historique - résultats
Vous n’avez pas pris ce quiz